书目信息 |
| 题名: |
中国历史
|
|
| 作者: | 齐世荣 总主编 ;瞿林东 , 叶小兵 , 卜宪群 册主编 | |
| 分册: | 上册 七年级 | |
| 出版信息: | 北京 人民教育出版社 2016 |
|
| 页数: | 108页 | |
| 开本: | 26cm | |
| 丛书名: | ||
| 单 册: | ||
| 中图分类: | ||
| 科图分类: | ||
| 主题词: | 中国史课--初中--教材 , 教育--各级 | |
| 电子资源: | ||
| ISBN: | 978-7-107-31243-4 | |
| 000 | 00851nam0 2200289 450 | |
| 001 | 008704775 | |
| 005 | 20241125161119.35 | |
| 010 | @a978-7-107-31243-4@dCNY6.80 | |
| 100 | @a20171222d2016 demy0chiy50 ea | |
| 101 | 0 | @achi |
| 102 | @aCN@b110000 | |
| 105 | @aa z 000yy | |
| 106 | @ar | |
| 200 | 1 | @a中国历史@9zhong guo li shi@i七年级@h上册@f齐世荣总主编 |
| 210 | @a北京@c人民教育出版社@d2016 | |
| 215 | @a108页@c图@d26cm | |
| 517 | 1 | @a七年级@AQi Nian Ji |
| 606 | 0 | @a中国史课@x初中@j教材 |
| 606 | 0 | @a教育@x各级 |
| 690 | @a@v5 | |
| 690 | @aG634.51@v4 | |
| 701 | 0 | @a齐世荣@9qi shi rong@f(1926-2015)@4总主编 |
| 702 | 0 | @a瞿林东@9qu lin dong@f(1937-)@4册主编 |
| 702 | 0 | @a叶小兵@9ye xiao bing@c(历史教学)@4册主编 |
| 702 | 0 | @a卜宪群@9bu xian qun@f(1962-)@4编写 |
| 801 | 0 | @aCN@b91MARC@c20171222 |
| 905 | @dG634.51@e2913:1(1) | |
| 中国历史.七年级.上册/齐世荣总主编.-北京:人民教育出版社,2016 |
| 108页:图;26cm |
| ISBN 978-7-107-31243-4:CNY6.80 |
| ● |
| 相关链接 |
|
|
|
|
正题名:中国历史
索取号:G634.51/2913:1(1)
 
预约/预借
| 序号 | 登录号 | 条形码 | 馆藏地/架位号 | 状态 | 备注 |
| 1 | 1410433 | 214104333 | 第一样本阅览室/ [索取号:G634.51/2913:1(1)] | 在馆 | |
| 2 | 1410434 | 214104342 | 第四借阅区/ [索取号:G634.51/2913:1(1)] | 在馆 | |
| 3 | 1410435 | 214104351 | 第四借阅区/ [索取号:G634.51/2913:1(1)] | 在馆 | |
| 4 | 1410436 | 214104360 | 第四借阅区/ [索取号:G634.51/2913:1(1)] | 在馆 | |
| 5 | 1410437 | 214104379 | 第四借阅区/ [索取号:G634.51/2913:1(1)] | 在馆 |